MDQL
is popping MORE tags! Check the
thread
!
Quizzes
Events
Quiz Creation
Community
Videos
Private Events
Remove Ads
Sign In
Join for FREE
Feedback
Dark Mode
Quiz Categories
Sports
Geography
Music
Movies
Television
Just For Fun
Miscellaneous
History
Literature
Language
Science
Gaming
Entertainment
Religion
Holiday
For Kids
Quiz Lab
Recent
Popular Today
Quiz Kudos Today
Editor Picks
Curator Picks
Quizzes by...
Day
Popularity
Type
Ratings
Length
Year
Community
Subscriptions
Recent Discussions
Orange Saloon
Badges
Playlists
Quests
Create
Leaderboards
Showdown
Live 5
Trivia Bingo
Activity
Puzzle Library
Sporcle Events
Private Events
Virtual Trivia
Globe League
Become a Host
Pub Owners
SporcleCon
Opinionation
Our Games
Videos
Blog
Mobile Apps
Partnerships
Remove Ads and Go Orange
Feedback
Sports
Athletes
MLB
NBA
NHL
NFL
Soccer
Sports Teams
WWE
NCAA
Football
Premier League
Basketball
Baseball
Hockey
Golf
Tennis
Cricket
Rugby
Auto Racing
Olympics
World Cup
Sports
Athletes
MLB
NBA
NHL
NFL
Soccer
Sports Teams
WWE
NCAA
Football
Premier League
Basketball
Baseball
Hockey
Golf
Tennis
Cricket
Rugby
Auto Racing
Olympics
World Cup
Random Quiz
Search Sporcle
×
Curator Pick
Curator Pick
Sports
Auto Racing
Type in answers that appear in a list
Type in answers that appear in a list
Classic
Best Score? Go Orange.
2010s Chinese F1 GP Final Standings Stats
Do you know the Final Standings of the Chinese F1 GPs of the 2010s?
By
tvisani
9m
238 Questions
501 Plays
501 Plays
501 Plays
Comments
Comments
Give Quiz Kudos
Give Quiz Kudos
-
- Ratings
hide this ad
Replay
Link that replays current quiz
Next Quiz
Link to next quiz in quiz playlist
You Got
0%
They Got
Avg Score
82%
Avg Friend Score
Upgrade to see
Score Distribution
Jump to the score distribution portion of the page
Score
0/238
Timer
09:00
0
Plays Today
Hint
Answer
% Correct
2018
Sebastian Vettel
99.6%
2018
Lewis Hamilton
99.6%
2018
Sebastian Vettel
99.6%
2019
Lewis Hamilton
99.6%
2019
Sebastian Vettel
99.6%
2010
Lewis Hamilton
99.4%
2010
Lewis Hamilton
99.4%
2011
Lewis Hamilton
99.4%
2012
Lewis Hamilton
99.4%
2013
Lewis Hamilton
99.4%
2013
Lewis Hamilton
99.4%
2014
Lewis Hamilton
99.4%
2014
Lewis Hamilton
99.4%
2015
Lewis Hamilton
99.4%
2015
Lewis Hamilton
99.4%
2015
Lewis Hamilton
99.4%
2016
Lewis Hamilton
99.4%
2017
Lewis Hamilton
99.3%
2017
Lewis Hamilton
99.3%
2017
Lewis Hamilton
99.3%
2017
Sebastian Vettel
99%
2010
Sebastian Vettel
99%
2010
Sebastian Vettel
99%
2011
Sebastian Vettel
99%
2011
Sebastian Vettel
99%
2012
Sebastian Vettel
99%
2013
Sebastian Vettel
99%
2013
Sebastian Vettel
99%
2014
Sebastian Vettel
99%
2015
Sebastian Vettel
99%
2016
Sebastian Vettel
99%
2018
Fernando Alonso
98.8%
2018
Nico Hülkenberg
98.8%
2019
Nico Hülkenberg
98.8%
2018
Daniel Ricciardo
98.4%
2018
Daniel Ricciardo
98.4%
2018
Valtteri Bottas
98.4%
2018
Kimi Räikkönen
98.4%
2019
Valtteri Bottas
98.4%
2019
Valtteri Bottas
98.4%
2019
Daniel Ricciardo
98.4%
2019
Kimi Räikkönen
98.4%
2019
Robert Kubica
98.4%
2010
Jenson Button
98.2%
2011
Jenson Button
98.2%
2012
Jenson Button
98.2%
2013
Jenson Button
98.2%
2014
Jenson Button
98.2%
2015
Jenson Button
98.2%
2016
Jenson Button
98.2%
2018
Max Verstappen
98%
2018
Sergio Pérez
98%
2018
Lance Stroll
98%
2019
Max Verstappen
98%
2019
Sergio Pérez
98%
2019
Lance Stroll
98%
2010
Fernando Alonso
97.8%
2011
Fernando Alonso
97.8%
2012
Fernando Alonso
97.8%
2013
Fernando Alonso
97.8%
2014
Fernando Alonso
97.8%
2015
Fernando Alonso
97.8%
2016
Fernando Alonso
97.8%
2017
Fernando Alonso
97.6%
2019
Daniil Kvyat
97.6%
2010
Nico Rosberg
97.4%
2011
Nico Rosberg
97.4%
2012
Nico Rosberg
97.4%
2012
Nico Rosberg
97.4%
2013
Nico Rosberg
97.4%
2014
Nico Rosberg
97.4%
2014
Nico Rosberg
97.4%
2015
Nico Rosberg
97.4%
2016
Nico Rosberg
97.4%
2016
Nico Rosberg
97.4%
2018
Kevin Magnussen
97.2%
2018
Romain Grosjean
97.2%
2018
Charles Leclerc
97.2%
2017
Felipe Massa
97.1%
2019
Charles Leclerc
97.1%
Hint
Answer
% Correct
2019
Romain Grosjean
97.1%
2019
Kevin Magnussen
97.1%
2010
Felipe Massa
97%
2011
Felipe Massa
97%
2012
Felipe Massa
97%
2013
Felipe Massa
97%
2014
Felipe Massa
97%
2015
Felipe Massa
97%
2016
Felipe Massa
97%
2010
Mark Webber
96.8%
2011
Mark Webber
96.8%
2011
Mark Webber
96.8%
2012
Mark Webber
96.8%
2013
Mark Webber
96.8%
2018
Carlos Sainz Jr
96.8%
2019
Carlos Sainz Jr
96.7%
2017
Sergio Pérez
96.7%
2011
Sergio Pérez
96.6%
2012
Sergio Pérez
96.6%
2013
Sergio Pérez
96.6%
2014
Sergio Pérez
96.6%
2015
Sergio Pérez
96.6%
2016
Sergio Pérez
96.6%
2017
Daniel Ricciardo
96.4%
2018
Pierre Gasly
96.4%
2019
Pierre Gasly
96.3%
2019
Pierre Gasly
96.3%
2019
Alexander Albon
96.3%
2019
Lando Norris
96.3%
2017
Kimi Räikkönen
96.2%
2012
Kimi Räikkönen
96%
2012
Daniel Ricciardo
96%
2013
Kimi Räikkönen
96%
2013
Daniel Ricciardo
96%
2014
Daniel Ricciardo
96%
2014
Kimi Räikkönen
96%
2015
Kimi Räikkönen
96%
2015
Daniel Ricciardo
96%
2016
Daniel Ricciardo
96%
2016
Kimi Räikkönen
96%
2018
Brendon Hartley
96%
2017
Max Verstappen
96%
2017
Valteri Bottas
96%
2013
Valtteri Bottas
95.8%
2014
Valtteri Bottas
95.8%
2015
Valtteri Bottas
95.8%
2016
Valtteri Bottas
95.8%
2018
Esteban Ocon
95.6%
2018
Stoffel Vandoorne
95.6%
2018
Marcus Ericsson
95.6%
2015
Max Verstappen
95.4%
2016
Max Verstappen
95.4%
2017
Nico Hülkenberg
95.2%
2010
Nico Hülkenberg
94.8%
2012
Nico Hülkenberg
94.8%
2013
Nico Hülkenberg
94.8%
2014
Nico Hülkenberg
94.8%
2015
Nico Hülkenberg
94.8%
2016
Nico Hülkenberg
94.8%
2016
Nico Hülkenberg
94.8%
2017
Carlos Sainz Jr
94.8%
2019
Antonio Giovinazzi
94.7%
2017
Daniil Kvyat
94.5%
2017
Romain Grosjean
94.3%
2019
George Russell
94.3%
2014
Daniil Kvyat
94.2%
2015
Daniil Kvyat
94.2%
2016
Daniil Kvyat
94.2%
2010
Robert Kubica
94%
2012
Romain Grosjean
94%
2013
Romain Grosjean
94%
2014
Romain Grosjean
94%
2015
Romain Grosjean
94%
2015
Carlos Sainz Jr
94%
2016
Carlos Sainz Jr
94%
2016
Romain Grosjean
94%
2017
Lance Stroll
93.6%
2010
Michael Schumacher
93.2%
2011
Michael Schumacher
93.2%
2012
Michael Schumacher
93.2%
Hint
Answer
% Correct
2017
Kevin Magnussen
93.1%
2011
Pastor Maldonado
92.8%
2012
Pastor Maldonado
92.8%
2013
Pastor Maldonado
92.8%
2014
Pastor Maldonado
92.8%
2015
Pastor Maldonado
92.8%
2018
Sergey Sirotkin
92.8%
2014
Kevin Magnussen
92.6%
2016
Kevin Magnussen
92.6%
2017
Esteban Ocon
91.2%
2017
Marcus Ericsson
91.2%
2014
Marcus Ericsson
90.8%
2015
Marcus Ericsson
90.8%
2016
Marcus Ericsson
90.8%
2010
Vitaly Petrov
90.4%
2011
Vitaly Petrov
90.4%
2012
Vitaly Petrov
90.4%
2017
Stoffel Vandoorne
90.2%
2010
Kamui Kobayashi
88.8%
2011
Kamui Kobayashi
88.8%
2012
Kamui Kobayashi
88.8%
2012
Kamui Kobayashi
88.8%
2014
Kamui Kobayashi
88.8%
2010
Heikki Kovalainen
86.8%
2011
Heikki Kovalainen
86.8%
2012
Heikki Kovalainen
86.8%
2013
Esteban Gutiérrez
85.8%
2014
Esteban Gutiérrez
85.8%
2015
Felipe Nasr
85.8%
2016
Esteban Gutiérrez
85.8%
2016
Felipe Nasr
85.8%
2010
Rubens Barrichello
85.4%
2011
Rubens Barrichello
85.4%
2010
Adrian Sutil
84.8%
2011
Adrian Sutil
84.8%
2013
Adrian Sutil
84.8%
2014
Adrian Sutil
84.8%
2010
Bruno Senna
84.4%
2012
Bruno Senna
84.4%
2016
Jolyon Palmer
84.4%
2017
Antonio Giovinazzi
84.3%
2017
Jolyon Palmer
84%
2010
Sébastien Buemi
83.6%
2011
Sébastien Buemi
83.6%
2011
Paul di Resta
83%
2012
Paul di Resta
83%
2013
Paul di Resta
83%
2010
Jarno Trulli
82.2%
2011
Jarno Trulli
82.2%
2010
Timo Glock
80%
2011
Timo Glock
80%
2012
Timo Glock
80%
2013
Jules Bianchi
80%
2014
Jules Bianchi
80%
2016
Pascal Wehrlein
79.6%
2016
Rio Haryanto
79.4%
2011
Narain Karthikeyan
79%
2012
Narain Karthikeyan
79%
2011
Nick Heidfeld
78.6%
2012
Jean-Éric Vergne
78.6%
2013
Jean-Éric Vergne
78.6%
2014
Jean-Éric Vergne
78.6%
2010
Pedro de la Rosa
78.4%
2012
Pedro de la Rosa
78.4%
2013
Max Chilton
77.2%
2014
Max Chilton
77.2%
2010
Karun Chandhok
76.8%
2010
Vitantonio Liuzzi
75%
2011
Vitantonio Liuzzi
75%
2012
Charles Pic
74%
2013
Charles Pic
74%
2010
Jaime Alguersuari
72.6%
2011
Jaime Alguersuari
72.6%
2015
Will Stevens
72.4%
2011
Jérôme d'Ambrosio
69.6%
2015
Roberto Merhi
69.6%
2013
Giedo van der Garde
69.2%
2010
Lucas di Grassi
64.8%
Quiz Playlist
Details
Report
Send in Message
Add To Playlist
Classic:
Type in answers that appear in a list
Last Updated: Apr 9, 2017
Curator Pick in
Auto Racing
Quiz Scoreboard
CHALLENGE
Sign Up to Join the Scoreboard
Show All
Scores
Hide
Comments
May contain spoilers
Recently Published
Colored Red Africa Blitz
by spor1
Geography
30s
Find the 'City' Movie
by crazypaving
Movies
60s
5x2 Blitz: Bands
by SL_Kpop136
Music
30s
More to Explore
Quiz From the Vault
Featured Blog Post
14 Easter Pick-up Lines to Find Eggs With
hide this ad
You Might Also Like...
Tags
Auto Racing Quiz
China
F1 Drivers
F1 Races
F1 Season
Formula 1
Formula One
Grand Prix
Grands Prix
motorsport
Today's Top Quizzes in Sports
Browse Sports
hide this ad
Today's Top Quizzes in Auto Racing
Browse Auto Racing
Top Contributed Quizzes in Sports
1
Players with Multiple 50 Home Run Seasons
2
Les entraîneurs de l'OM et du PSG au 21e siècle
3
Criteria MLB: Left Handed Sluggers
4
2022 World Cup Stars
5
Les meilleurs buteurs des matchs entre le PSG et l’OM
6
Who Hit More Homers?
7
Les joueurs passés par le PSG et l'OM
8
NBA Logic Puzzle 2.0
9
Top 10 NHL Goal Scorers of All Time
10
MLB Players with Two .350 Batting Average Seasons
Explore More
Trending Topics
Disney
Crossword
Harry Potter
Kpop
NBA
Marvel
Anime
The Office
WWE
Pokémon
Soccer
Song
Puzzle
Country
NFL
hide this ad
More By:
tvisani
Quiz
Plays
Rating
Category
Featured
Created
F1 Teams Lineage
29,537
4.63
Sports
Sep 23, 2019
McLaren F1 Drivers
13,103
4.95
Sports
Oct 30, 2016
Ferrari F1 Drivers
10,977
5.00
Sports
Oct 31, 2016
Red Bull F1 Drivers
6,376
5.00
Sports
Oct 30, 2016
Renault F1 Drivers
6,236
5.00
Sports
Oct 30, 2016
Go to Creator's Profile
Score Distribution
Quiz Creator Spotlight
tvisani
Follow
Send a Message
Quizzes Created
-
Created Quiz Play Count
-
More By This Creator
Popular Quizzes Today
1
Colored Red Africa Blitz
2
Find the 'City' Movie
3
Find the US States - No Outlines Minefield
4
5x2 Blitz: Bands
5
The Countries of the World
6
Find the US States
7
US States
8
9x9 Crossword: Cartoon Network
More Sports Quizzes
Liverpool's Top Scorers Per Season
Quiz Lab
Trending Quizzes
Colored Red Europe Blitz I
Colored Red Europe Blitz II
Colored Red Africa Blitz II
Colored Red Africa Blitz III
Colored Red Europe Blitz III
Recently Updated
Grab Bag: 4-10 Letters
pecheneg
2024 March Madness Bracket
pecheneg
Famous TV Couples
Peacemaker
Champions League XIs: Real Madrid
pecheneg
Largest US Cities 1790-2010
pecheneg
Rides in Walt Disney World
pecheneg
Most Oscar Losses (Acting)
pecheneg
Beyoncé Albums
pecheneg
Leaping Animals
pecheneg
Reality TV Shows (A-Z)
bhenderson79
Trending Topics
Harry Potter
Crossword
NBA
Marvel
Anime
Kpop
Disney
Pokémon
WWE
Puzzle
NFL
Country
Soccer
The Office
Song
Your Account Isn't Verified!
In order to create a playlist on Sporcle, you need to verify the email address you used during registration. Go to your
Sporcle Settings
to finish the process.
Report this User
Report this user for behavior that violates our
Community Guidelines
.
Details:
Send Report
Go to the Sporcle.com Mobile Site →
Comments